| 000 | 00326nam a2200121Ia 4500 | ||
|---|---|---|---|
| 005 | 20251222143314.0 | ||
| 008 | 251222s9999||||xx |||||||||||||| ||spa|| | ||
| 082 | _a782.985/P77/Ej.2 | ||
| 100 | _aPons Muzzo, Gustavo | ||
| 245 | 0 | _aLa ley N° 1801 y La Letra Auténtica del Himno Nacional | |
| 264 | _bSan Miguel | ||
| 942 | _cLIB | ||
| 999 |
_c15836 _d15836 |
||